000 00669nam a2200217 i 4500
001 124370
003 ES-MaACL
007 t|
008 070322s1926 sp ||||1| spa d
080 _a551.5
100 1 _aTrabert, Wilhelm.
_9111204
245 1 0 _aMeteorología /
_cpor Wilhelm Trabert ; traducido de la 4ª edición alemana por Vicente Inglada Ors.
260 _aBarcelona :
_bLabor,
_c1926.
300 _a146 p. :
_bil. ;
_c17 cm.
490 1 _aColección Labor ;
_v34
650 1 7 _aMeteorología
_2embne
_915017
700 1 _aInglada Ors, Vicente.
_965295
830 0 0 _aColección Labor
_v34
_9184254
852 _aES-MaACL
_jE-2580
999 _c124370
_d124370